| 000 | 01913nam a2200373 i 4500 | ||
|---|---|---|---|
| 001 | 5232893 | ||
| 003 | CZ PrSKC | ||
| 005 | 20260428083701.0 | ||
| 007 | ta | ||
| 008 | 260421s2026 xr g 000 f cze | ||
| 020 | _a9788028411138 | ||
| 040 |
_aABG001 _bcze _erda |
||
| 041 | 1 |
_acze _hswe |
|
| 072 | 7 |
_a821.11 _xGermánské literatury _2Konspekt |
|
| 080 |
_a821.113.6-31 _2MRF |
||
| 080 |
_a(0:82-312.4) _2MRF |
||
| 100 | 1 |
_aAhnhem, Stefan, _d1966- _4aut _95066 |
|
| 240 | 1 | 0 |
_aGeneration noll. _lČesky |
| 245 | 1 | 0 |
_aGenerace nula / _cStefan Ahnhem ; přeložila Vendula Nováková |
| 250 | _aVydání první | ||
| 264 | 1 |
_aPraha : _bEuromedia Group, _c2026 |
|
| 300 |
_a478 stran ; _c24 cm |
||
| 500 | _aObálkový podnázev: nový případ Fabiana Riska | ||
| 500 | _aPřeloženo ze švédštiny | ||
| 520 | 2 |
_aDetektivní román z úspěšné série, ve kterém autor skvěle dokázal reflektovat hrozby současného světa, který se může kdykoli ocitnout na prahu sebezničení. _bDetektiv Fabian Risk tráví léto na plachetnici u jihošvédských břehů se svou dcerou Matildou. Jedné noci z paluby zpozorují, jak se pevnina náhle ponoří do tmy. Po návratu do Helsingborgu čelí Fabianův tým řadě zdánlivě nevysvětlitelných případů, které následovaly po záhadném výpadku proudu. Svědci se chovají podivně a nic nedává smysl. Pak se Fabianovi ozve jeho dávná přítelkyně, jíž se ztratila dcera. Šlo o únos, nebo s tím má něco společného dceřin otec? Při pátrání po dívce začíná Fabian rozeznávat jistý vzorec. Ale stále mu něco uniká. Nakladatelská anotace. |
|
| 655 | 7 | _ašvédské romány | |
| 655 | 7 | _adetektivní romány | |
| 655 | 9 | _aSwedish fiction | |
| 655 | 9 | _adetective novels | |
| 700 | 1 |
_aNováková, Vendula, _d1981- _4trl _915112 |
|
| 710 | 2 |
_aEuromedia Group _4pbl _920440 |
|
| 910 | _aABG508 | ||
| 999 |
_c34219 _d34219 |
||